TV Shows by Game of Thrones 'House' Quiz Stats

 Plays Quiz Updated Aug 27, 2018

Score 0/12 Timer 01:30
2 Plays Today
% Correct
Family Guy
95%
Breaking Bad
94.1%
The Walking Dead
92.5%
The Big Bang Theory
91.3%
The Simpsons
88.6%
Glee
86.5%
Friends
83.7%
Supernatural
83.3%
Frasier
81.6%
The Office
79.8%
Arrow
75.1%
Suits
64.1%

You're not logged in!

Compare scores with friends on all Sporcle quizzes.
OR
Log In

Sporcle TV

Today on Sporcle TV


Watch our educational content, quiz creation guides, and fun videos on Sporcle TV.

Show Comments

Extras

Top Quizzes Today


Score Distribution

Your Account Isn't Verified!

In order to create a playlist on Sporcle, you need to verify the email address you used during registration. Go to your Sporcle Settings to finish the process.

Report this User

Report this user for behavior that violates our Community Guidelines.

Details: